| 000 | 00859nam a2200217 a 4500 | ||
|---|---|---|---|
| 008 | 120416s1977 ||||||||||||||||| || u | ||
| 020 | _a034017613x | ||
| 050 | _aHD 3616.G7 Gra | ||
| 100 | _aMarsh, David C. (David Charles) | ||
| 245 | 1 | 4 | _aThe Confederation of British Industry |
| 260 |
_aLondon _bHodder and Stoughton _c1977 |
||
| 300 | _a226 p. | ||
| 350 | _a0.00 | ||
| 500 | _aImprint covered by label: New York, Holmes & Meier Publishers. -Includes bibliographical references and index. | ||
| 650 | _aCONFEDERATION OF BRITISH INDUSTRY | ||
| 650 | _aINDUSTRIAL POLICY--GREAT BRITAIN | ||
| 650 | _aINDUSTRY | ||
| 650 | _aBUSINESS AND POLITICS--GREAT BRITAIN | ||
| 700 | _aGrant, Wyn | ||
| 995 |
_D0.00 _FCBU-MAIN LIBRARY (Kitwe) _H1 _I6.50 _M1 _UAVAILABLE _ZAnnex Low-Usage Collection |
||
| 999 |
_c38402 _d38402 |
||